000 02206nam a2200517 c 4500
001 52636
003 ES-MaCES
005 20251115040005.0
007 cr |||||||||||
008 230119s2022 sp 100 ||spa d
017 _aNA 338-2022
_bDL
020 _a9788413916286
020 _a9788413916309 (electrónico)
040 _aES-MaCES
_bspa
_cES-MaCES
111 2 _940598
_aCongreso Latinoamericano Inteligencia Artificial y Economía digital, Desafíos Jurídicos y Económicos
_n
_d2021
_cModalidad on line
245 1 0 _aEstudios del impacto de la digitalización en la economía
_c[Recoge las ponencias presentadas al 1er Congreso Latinoamericano Inteligencia Artificial y Economía Digital : Desafíos Jurídicos y Económicos, celebrado del 13 al 15 de oct. de 2021, en modalidad online] ; César García Novoa, Mª Milagros Vivel Búa, dirs. ; autores, José Ramón Cardona ... [et al]
250 _a1ª ed
260 _aCizur Menor (Navarra)
_bAranzadi-Thomson Reuters
_c2022
300 _a428 p.
_c24 cm
490 1 _aEstudios
500 _aPublicación en formato DÚO (papel + libro ectrónico). Disponible en formato electrónico mediante la aplicación PROVIEW
541 _cCompra
650 4 _anuevas tecnologías
_930788
650 4 _aautomatización
_928248
650 4 _ainteligencia artificial
_930166
650 4 _acambio tecnológico
_928236
650 4 _aevaluación del impacto
_930732
650 4 _asector económico
_930015
650 4 _aempresa
_928178
650 4 _aestrategia empresarial
_930601
650 4 _aeconomía colaborativa
_937923
650 4 _afuturo del trabajo
_930756
650 4 _acambio social
_927286
650 4 _atributación
_928093
650 4 _aadministración fiscal
_927209
650 4 _amecanismo de control
_929918
650 4 _aconferencia
_927013
653 1 0 _aEconomía
700 1 _913004
_aGarcía Novoa, César
_edir.
700 1 _940549
_aVivel Búa, María Milagros
_edir.
700 1 _940617
_aCardona, José Ramón
830 0 _aEstudios (Thomson Reuters-Aranzadi)
_934937
856 4 _uhttps://miespacio.aranzadilaley.es/Account/Login
_yLegalteca
902 _aLIB Libro
942 _2CES
_cBK
_h0.0.
999 _c52636
_d52636